|
|
|
|
| LEADER |
00899nam a2200253Ii 4500 |
| 001 |
1006 |
| 003 |
BD-DhAAL |
| 005 |
20151012105638.0 |
| 008 |
151012s2010 pk 000 0 eng d |
| 020 |
|
|
|a 9789698324339
|
| 020 |
|
|
|a 9698324046
|
| 040 |
|
|
|a UIU
|c UIU
|d NNC
|d BD-DhAAL
|
| 050 |
|
4 |
|a HV6433.P18
|b S26 2010
|
| 082 |
|
|
|a 323
|
| 245 |
0 |
0 |
|a State of human rights in 2007 /
|c Human Rights Commission of Pakistan.
|
| 260 |
|
|
|a Lahore :
|b Human Rights Commission of Pakistan, ;
|c 1998.
|
| 300 |
|
|
|a 300 p. :
|b Ill., tables, charts. ;
|c 24 cm.
|
| 541 |
|
|
|e 1006
|
| 650 |
|
0 |
|a Human rights
|9 15350
|
| 650 |
|
0 |
|a Human rights
|z Pakistan
|y 21st century.
|9 15351
|
| 710 |
2 |
|
|a Pakistan, Human Rights Commission.
|9 15352
|
| 942 |
|
|
|2 ddc
|c BK
|
| 999 |
|
|
|c 35772
|d 35772
|
| 952 |
|
|
|0 0
|1 0
|2 ddc
|4 0
|6 323_000000000000000_STA
|7 0
|9 56260
|a SCL
|b SCL
|c GEN
|d 2015-10-12
|g 500.00
|l 0
|o 323 STA
|p 3020001006
|r 2015-10-12
|t 1
|w 2015-10-12
|y BK
|